The regional factor in economic development: policies in fifteen industrialized OECD countries

Guardat en:
Dades bibliogràfiques
Autor corporatiu: OECD (Autor), Organization for Economic Co-Operation and Development (Autor)
Format: Llibre
Idioma:anglès
Publicat: París OECD Publications 1970
Matèries:
Etiquetes: Afegir etiqueta
Sense etiquetes, Sigues el primer a etiquetar aquest registre!

MARC

LEADER 00000nam a2200000 a 4500
001 UCQ1234
003 CL-VaPUC
008 980709e19700000FR |||||||||||||||||eng|d
082 0 4 |a 338.9  |b OEC  |2 21 
110 2 |a OECD  |e author  |9 414942 
710 2 |a Organization for Economic Co-Operation and Development  |e author  |9 414943 
245 1 4 |a The regional factor in economic development: policies in fifteen industrialized OECD countries 
300 |a 125 p 
942 |c BK 
945 |d 19980709 00:00:00  |a crobeson 
260 |a París  |b OECD Publications  |c 1970 
650 0 |a Desarrollo económico y social   |9 256320 
650 0 |a Crecimiento económico   |9 314037 
650 7 |a POLITICA DE DESARROLLO  |2 CL-VaPUC  |9 335853 
650 7 |a PAISES DESARROLLADOS  |2 CL-VaPUC  |9 338233 
650 0 |a Desarrollo industrial  |9 322675 
650 0 |a Industrialización  |9 263687 
583 |a last modification  |c 19980709 00:00:00  |k Rodrigo Vera 
999 |c 272238  |d 272236